LEADER 00995nam a2200217 i 4500 001 000000156727 003 CaOOAMICUS 005 20061213000000.0 008 061213s1981 it u000 u ita u 013 $a134082 040 $aSeMil$bita 100 1 $aBaroni, Maria Franca.$0(OLS)http://semarc/name/17877 245 10$aNovara e la sua Diocesi nel Medioevo :$battraverso le pergamene dell'Archivio di Stato /$cMaria Franca Baroni. 260 $aNovara :$bBanca Popolare di Novara,$c1981. 300 $aXXI, 278 p., [30] p. di tav. ;$c30 cm. 500 $aContiene : Appendice ; Fonti e Bibliografia. 650 4$aNovara - Storia.$0(OLS)http://semarc/subject/8310 850 $aSeMil 852 $aSeMil$W1$xVenegono$y1$m5G XI 14$j108476$B108476$CSeMilBibl$Z2$F118041 $8I 996 $6245$aNovara e la sua Diocesi nel Medioevo :$battraverso le pergamene dell'Archivio di Stato$9(OLS)http://semarc/title/229764 996 $6260$aNovara :$bBanca Popolare di Novara$9(OLS)http://semarc/publisher/32956 LEADER 00898nam a2200229 i 4500 001 000000169205 003 CaOOAMICUS 005 20080213000000.0 008 080213s1970 it u000 u ita u 013 $a146608 040 $aSeMil$bita 100 1 $aGerosa, Ercole.$0(OLS)http://semarc/name/63229 245 10$aSono nato problema :$b1960-1970 /$cErcole Gerosa. 260 $aMilano :$bEditrice Convivio Letterario,$cstampa 1970. 300 $a84 p. ;$c22 cm. 500 $aIn occhietto : Dedica autografa dell'Autore. - Fondo Card. Giovanni Colombo. 850 $aSeMil 852 $aSeMil$W1$xVenegono$y1$m1B II 188$j236072$B120166$CSeMilBibl$Z2$F131828 $81 941 1 $a3 961 $aLascito: Colombo Card. Giovanni 996 $6245$aSono nato problema :$b1960-1970$9(OLS)http://semarc/title/241976 996 $6260$aMilano :$bEditrice Convivio Letterario$9(OLS)http://semarc/publisher/30930 LEADER 01214nam a2200241 4500 001 000000338364 003 CaOOAMICUS 005 20191205145919.0 008 191205s1779 it 000 u ita r 026 $ai-r- e,o: ,er- ties (3) 1779 (R) 040 $aSeMil$bita 245 00$aLettera ad un amico, nella quale si pone ad esame un'altra lettera uscita in Pavia, che ha per titolo Della morte di Gesù Cristo, e sua discesa all'Inferno. Opera di un prete pavese. 264 1$aParma :$bPresso Filippo Carmignani,$c1779. 300 $a[4], 302, [4] p. ;$c8° 500 $aSegn.: pg2 a4 b-t8 u4 [chi]1 500 $aVignetta xilogr. sul front. 700 1 $aCarmignani, Filippo,$c.$0(OLS)http://semarc/name/71597 850 $aSeMil 852 $aSeMil$W1$xVenegono$y1$m3X IV 126 FA$j217519$B229621$CSeMilBibl$Z2$F229621 $8I 941 1 $a10 996 $6245$aLettera ad un amico, nella quale si pone ad esame un'altra lettera uscita in Pavia, che ha per titolo Della morte di Gesù Cristo, e sua discesa all'Inferno. Opera di un prete pavese$9(OLS)http://semarc/title/427252 996 $6264$aParma :$bPresso Filippo Carmignani$9(OLS)http://semarc/publisher/58719 LEADER 01272nam a2200289 i 4500 001 000000259015 003 CaOOAMICUS 005 20180627000000.0 008 180627s2017 it u000 u ita u 013 $a237923 020 $a978-88-01-06330-1 040 $aSeMil$bita 100 1 $aFerretti, Giovanni,$d<1933- >.$0(OLS)http://semarc/name/4227 245 10$aEssere prete oggi :$bmeditazioni sull'identità del prete /$cGiovanni Ferretti. 250 $a2. ed. con un nuovo saggio sull'identità relazionale del presbitero oggi. 260 $aLeumann (TO) :$bElledici,$c2017. 300 $a166 p. ;$c21 cm. 490 0 $aMeditare 650 4$aSacerdozio - Meditazioni.$0(OLS)http://semarc/subject/3490 650 4$aPresbiteri - Ministero - Società.$0(OLS)http://semarc/subject/12028 830 0$aMeditare.$0(OLS)http://semarc/title/13685 850 $aSeMil 852 $aSeMil$W1$xVenegono$y1$m3G V 387$j209360$B209360$CSeMilBibl$Z2$F223136 $81 961 $aOmaggio per recensione: Scuola Cattolica 996 $6020$a978-88-01-06330-1$9(OLS)http://semarc/number/284564 996 $6245$aEssere prete oggi :$bmeditazioni sull'identità del prete$9(OLS)http://semarc/title/413867 996 $6260$aLeumann (TO) :$bElledici$9(OLS)http://semarc/publisher/29715 LEADER 00905nam a2200217 i 4500 001 000000016488 003 CaOOAMICUS 005 20250825125620.0 008 180830s1919 gw u000 u ger u 040 $aSeMil$bita 100 1 $aDickens, Charles,$d<1812-1870>.$0(OLS)http://semarc/name/6853 240 14$aThe posthumos papers of the Pickwick Club.$0(OLS)http://semarc/title/427222 245 14$aDie Pickwickier /$cCharles Dickens ; aus dem Englischen von Julius Seybt. 264 1$aLeipzig :$bReclam,$c1919. 300 $a2 v. ;$c14 cm. 700 1 $aSeybt, Julius.$0(OLS)http://semarc/name/7589 774 0 $tErster Teil.$dLeipzig : Reclam, [1919]$gTeil1$w()153081 774 0 $tZweiter Teil.$dLeipzig : Reclam, [1919]$g2$w()153842 996 $6245$aDie Pickwickier$9(OLS)http://semarc/title/21809 996 $6264$aLeipzig :$bReclam$9(OLS)http://semarc/publisher/34416 LEADER 01054nam a2200229 i 4500 001 000000082929 003 CaOOAMICUS 005 20180528000000.0 008 180528s1984 xx u000 u eng u 013 $a55169 040 $aSeMil$bita 100 1 $aHaak, Bob.$0(OLS)http://semarc/name/54236 245 14$aThe Golden Age :$bDutch Painters of the Seventeenth Century /$cBob Haak ; translated from the Dutch and edited by Elizabeth Willems-Treeman ; published with the cooperation of the Prince Bernhard Foundation. 260 $a[S.l.] :$bThames and Hudson,$c1984. 300 $a536 p. :$bill. ;$c35 cm. 500 $aContiene : Bibliography. 700 1 $aWillems-Treeman, Elizabeth.$0(OLS)http://semarc/name/92042 850 $aSeMil 852 $aSeMil$W1$xVenegono$y1$m5F XI 43$j47664$B47664$CSeMilBibl$Z2$F50528 $81 961 $aOmaggio: Giacomoni Silvia 996 $6245$aThe Golden Age :$bDutch Painters of the Seventeenth Century$9(OLS)http://semarc/title/405295 996 $6260$a[S.l.] :$bThames and Hudson$9(OLS)http://semarc/publisher/44038 LEADER 00905nam a2200241 i 4500 001 000000107295 003 CaOOAMICUS 005 20160810000000.0 008 160810s1999 it u000 u ita u 013 $a79529 020 $a88-311-7428-2 040 $aSeMil$bita 100 1 $aPelikan, Jaroslav.$0(OLS)http://semarc/name/45142 245 10$aMaria nei secoli /$cJaroslav Pelikan. 260 $aRoma :$bCittà Nuova,$c1999. 300 $a264 p., [4] p. di tav. :$bill. ;$c22 cm. 650 4$aMadonna - Meditazioni.$0(OLS)http://semarc/subject/920 850 $aSeMil 852 $aSeMil$W1$xVenegono$y1$m2L IV 261$j63391$B63391$CSeMilBibl$Z2$F213931 $81 961 $aOmaggio: Mauri don Gianni 996 $6020$a88-311-7428-2$9(OLS)http://semarc/number/88231 996 $6245$aMaria nei secoli$9(OLS)http://semarc/title/155680 996 $6260$aRoma :$bCittà Nuova$9(OLS)http://semarc/publisher/29609 LEADER 00575nab a2200145 i 4500 001 000000272722 003 CaOOAMICUS 005 20100325000000.0 008 100325n xx uu u0 0und r 013 $a20626 040 $aSeMil$bita 245 10$aAño sacerdotal :$bel ministerio ordenado según la liturgia. - Titolo dalla copertina. 500 $aNoviembre-Diciembre 2009. 773 0 $t2009.$dBarcelona : Centre de Pastoral Litúrgica, 2009.$w()178949 996 $6245$aAño sacerdotal :$bel ministerio ordenado según la liturgia. - Titolo dalla copertina.$9(OLS)http://semarc/title/360421